Informačná gramotnosť vo vyučovacom procese
Informačná gramotnosť a jej prvky. Pojmy. Modely informačnej gramotnosti. Štandardy informačnej gramotnosti. Informačná gramotnosť a vzdelávanie.
Salvato in:
| Autore principale: | |
|---|---|
| Natura: | Capitolo di libro |
| Lingua: | slovacco |
| Soggetti: | |
| Tags: |
Nessun Tag, puoi essere il primo ad aggiungerne!!
|
MARC
| LEADER | 00000nla a2200000 4500 | ||
|---|---|---|---|
| 001 | 0206013 | ||
| 005 | 20240502073429.5 | ||
| 041 | 0 | |a slo | |
| 044 | |a SK | ||
| 245 | 1 | 0 | |a Informačná gramotnosť vo vyučovacom procese |c Ladislav Pasiar |
| 520 | |a Informačná gramotnosť a jej prvky. Pojmy. Modely informačnej gramotnosti. Štandardy informačnej gramotnosti. Informačná gramotnosť a vzdelávanie. | ||
| 610 | 2 | 0 | |a gramotnosť |
| 610 | 2 | 0 | |a gramotnosť informačná |
| 610 | 2 | 0 | |a gramotnosť digitálna |
| 610 | 2 | 0 | |a modely |
| 610 | 2 | 0 | |a štandardy |
| 610 | 2 | 0 | |a vzdelávanie |
| 100 | 1 | |a Pasiar, Ladislav, 1984- | |